Văn hóa dân gian làng biển Bảo Ninh

Sách nói về cuộc sống sinh hoạt văn hoá dân gian độc đáo của một làng quê tỉnh Quảng Bình, qua các làn điệu hò khoan, bài vè, chèo cạn, qua hội bơi thuyền, qua tục thờ cúng cá Ông của ngư dân vùng biển miền Trung...

Disgrifiad llawn

Wedi'i Gadw mewn:
Manylion Llyfryddiaeth
Prif Awdur: Trương Bi
Fformat: Llyfr
Iaith:Undetermined
Cyhoeddwyd: Daklak Hội Văn Học Nghệ Thuật Darlak 1996
Pynciau:
Tagiau: Ychwanegu Tag
Dim Tagiau, Byddwch y cyntaf i dagio'r cofnod hwn!
Thư viện lưu trữ: Trung tâm Học liệu Trường Đại học Cần Thơ
LEADER 00832nam a2200181Ia 4500
001 CTU_16557
008 210402s9999 xx 000 0 und d
082 |a 398.09597 
082 |b B300 
100 |a Trương Bi 
245 0 |a Văn hóa dân gian làng biển Bảo Ninh 
245 0 |c Trương Bi 
260 |a Daklak 
260 |b Hội Văn Học Nghệ Thuật Darlak 
260 |c 1996 
520 |a Sách nói về cuộc sống sinh hoạt văn hoá dân gian độc đáo của một làng quê tỉnh Quảng Bình, qua các làn điệu hò khoan, bài vè, chèo cạn, qua hội bơi thuyền, qua tục thờ cúng cá Ông của ngư dân vùng biển miền Trung 
650 |a folklore - vietnam 
980 |a Trung tâm Học liệu Trường Đại học Cần Thơ